000 00687cam a2200217 a 4500
020 _a0278000932
082 0 _a004
_bwoo
_cL-2; P-108
100 1 _aDowsing, Roy.
_936545
245 1 2 _aComputers from logic to architecture
_cR.D. Dowsing,
260 _aLondon ;
_bVNR international,
_c1990.
300 _axiv, 290 p. :
_bill. ;
_c24 cm.
490 1 _aComputer science texts
500 _aIncludes index.
526 _a0
_b0
_c0
_d004_000000000000000_WOO
650 0 _aComputer science
_xMathematics.
_917957
650 0 _aLogic, Symbolic and mathematical.
_936546
650 0 _aMCE
_9379
700 1 _aRayward-Smith, V. J.
_936547
700 1 _aWalter, C. D.
_936548
942 _2ddc
_cBK
999 _c541581
_d541581